A day with doctors / (Record no. 1659)

MARC details
000 -LEADER
fixed length control field 00908cam a22002774a 4500
005 - DATE AND TIME OF LATEST TRANSACTION
control field 20250610095858.0
020 ## - INTERNATIONAL STANDARD BOOK NUMBER
International Standard Book Number 9780531292501
040 ## - CATALOGING SOURCE
Original cataloging agency DLC
Transcribing agency DLC
Modifying agency DLC
Language of cataloging eng
050 00 - LIBRARY OF CONGRESS CALL NUMBER
Item number R690.S48
082 00 - DEWEY DECIMAL CLASSIFICATION NUMBER
Classification number 610.69
Edition number 23
100 1# - MAIN ENTRY--PERSONAL NAME
Personal name Shepherd, Jodie
245 12 - TITLE STATEMENT
Title A day with doctors /
Statement of responsibility, etc. by Jodie Shepherd.
260 ## - PUBLICATION, DISTRIBUTION, ETC.
Name of publisher, distributor, etc. Scholastic,
Place of publication, distribution, etc. New York :
Date of publication, distribution, etc. 2013
300 ## - PHYSICAL DESCRIPTION
Extent 32 pages :
Other physical details Color illustrations ;
Dimensions 19 cm
490 0# - SERIES STATEMENT
Series statement Rookie read-about community
500 ## - GENERAL NOTE
General note Includes index.
505 ## - FORMATTED CONTENTS NOTE
Formatted contents note J <br/>
520 ## - SUMMARY, ETC.
Summary, etc. Presents information about doctors, including what doctors do, when you would see a doctor, and what tools they use.
521 ## - TARGET AUDIENCE NOTE
Target audience note 490 <br/>
Source Lexile <br/>
521 ## - TARGET AUDIENCE NOTE
Target audience note J <br/>
Source Raz-Plus <br/>
650 #0 - SUBJECT ADDED ENTRY--TOPICAL TERM
Topical term or geographic name entry element Medicine
General subdivision Vocational guidance
Form subdivision Juvenile literature.
650 #0 - SUBJECT ADDED ENTRY--TOPICAL TERM
Topical term or geographic name entry element Physicians
Form subdivision Juvenile literature.
906 ## - LOCAL DATA ELEMENT F, LDF (RLIN)
a 7
b cbc
c orignew
d 1
e ecip
f 20
g y-gencatlg
942 ## - ADDED ENTRY ELEMENTS (KOHA)
Source of classification or shelving scheme Dewey Decimal Classification
Koha item type Books
Suppress in OPAC No
999 ## -
-- 1659
-- 1659
Holdings
Withdrawn status Lost status Source of classification or shelving scheme Damaged status Not for loan Collection Home library Current library Shelving location Date acquired Total Checkouts Full call number Barcode Date last seen Date last checked out Copy number Price effective from Koha item type
    Dewey Decimal Classification     Non-Fiction Footprints International School Library Network Toul Kork Campus Footprints International School Library Network Toul Kork Campus TK Primary Library Room(4th Floor), Bookcase 1&2, Shelves 1-16, Dark Blue Books 06/10/2025   SHE 610.69 R690.S48 FISTK04411 06/10/2025   3 06/10/2025 Books
    Dewey Decimal Classification     Non-Fiction Footprints International School Library Network Toul Tom Poung Campus Footprints International School Library Network Toul Tom Poung Campus TTP Primary Dark Blue Bookshelves 09/13/2023 4 SHE 610.69 R690.S48 FIS04924 02/26/2024 02/19/2024 1 09/13/2023 Books
    Dewey Decimal Classification     Non-Fiction Footprints International School Library Network Toul Tom Poung Campus Footprints International School Library Network Toul Tom Poung Campus TTP Primary Dark Blue Bookshelves 09/13/2023 3 SHE 610.69 R690.S48 FISBK05509 03/04/2024 02/26/2024 2 09/13/2023 Books